| 000 | 00840cam a2200157 4500500 | ||
|---|---|---|---|
| 005 | 20260111090137.0 | ||
| 041 | _afre | ||
| 042 | _adc | ||
| 100 | 1 | 0 |
_aSchumacher, Julio _eauthor |
| 245 | 0 | 0 | _aGilles Hieronimus Gaston Bachelard Presses universitaires de France, « Que sais-je ? », 2025, 128 pages, 10 €. Jean-Jacques Wunenburger La philosophie de l’imaginaire chez Bachelard Presses universitaires de France, 2025, 160 pages, 21 €. |
| 260 | _c2025. | ||
| 500 | _a90 | ||
| 520 | _aLa fondation Louis-Vuitton, à Paris, propose une rétrospective de l’œuvre de Gerhard Richter, un panorama complet couvrant soixante ans de création artistique. | ||
| 786 | 0 | _nÉtudes | - | 13 | 2025-12-30 | p. 132-132 | 0014-1941 | |
| 856 | 4 | 1 | _uhttps://shs.cairn.info/revue-etudes-2025-13-page-132?lang=fr&redirect-ssocas=7080 |
| 999 |
_c1618526 _d1618526 |
||